| 000 | 00500nam a2200181Ia 4500 | ||
|---|---|---|---|
| 999 |
_c16481 _d16481 |
||
| 003 | OSt | ||
| 005 | 20200606115925.0 | ||
| 008 | 190216s9999||||xx |||||||||||||| ||und|| | ||
| 020 | _a8190262726 | ||
| 040 | _cMESKC library | ||
| 082 |
_a891.433 _bRAW/T |
||
| 100 |
_aRawalta, Mahaveer _9201 |
||
| 245 | 0 |
_aTrishanku / _cMahaveer Rawalta |
|
| 260 |
_bSaksham Prakashan, _c2008. _aDelhi: |
||
| 300 | _a96 | ||
| 650 | _aHindi | ||
| 942 |
_cBK _2ddc _h891.433 _iRAW/T _k891.433 _mRAW/T |
||